Every Current Arsenal Player - Statistics

General Stats
  • This quiz has been taken 53 times
  • The average score is 21 of 30
Answer Stats
Hint Answer % Correct
#1 Germany/Goalkeeper Bernd Leno
96%
#3 Scotland/Defender Kieran Tierney
92%
#7 England/Midfielder Bukayo Saka
88%
#2 Spain/Defender Hector Bellerin
88%
#14 Gabon/Forward Pierre Emerick Aubameyang
88%
#18 Ghana/Midfielder Thomas Partey
88%
#34 Switzerland/Midfielder Granit Xhaka
86%
#11 Norway/Midfielder Martin Odegaard
86%
#25 Egypt/Midfielder Mohamed Elneny
86%
#9 France/Forward Alexandre Lacazette
84%
#35 Brazil/Forward Gabriel Martinelli
82%
#19 Ivory Coast/Forward Nicolas Pepe
82%
#32 England/Midfielder Emile Smith Rowe
80%
#23 Brazil/Defender David Luiz
76%
#13 Iceland/Goalkeeper Runar Alex Runarsson
74%
#30 England/Forward Eddie Nketiah
72%
#16 England/Defender Rob Holding
72%
#17 Portugal/Defender Cedric Soares
70%
#33 Australia/Goalkeeper Mat Ryan
70%
#8 Spain/Midfielder Dani Ceballos
68%
#21 England/Defender Calum Chambers
66%
Manager Mikel Arteta
64%
#22 Spain/Defender Pablo Mari
64%
#24 England/Forward Reiss Nelson
64%
#12 Brazil/Forward Willian
58%
#6 Brazil/Defender Gabriel Magalhaes
54%
#38 England/Forward Folarin Balogun
40%
#44 Estonia/Goalkeeper Karl Hein
40%
#66 England/Midfielder Miguel Azeez
14%
#41 England/Midfielder Ben Cottrell
10%
No matching quizzes found
Score Distribution
Percent of People with Each Score
Percentile by Number Answered
Your Score History
You have not taken this quiz